Wybory do Parlamentu Europejskiego 2024 - Statystyki

Ogólne statystyki
  • Ten quiz został rozwiązany 27 razy
  • Średni wynik to 6 z 11
Statystyki odpowiedzi
Miejsce Komitet Wyborczy Poparcie (%) Mandaty w PE % Poprawnych
1 Koalicja Obywatelska 37,06 % 21
100%
3 Konfederacja Wolność i Niepodległość 12,08 % 6
100%
5 Lewica 6,30 % 3
100%
2 Prawo i Sprawiedliwość 36,16 % 20
100%
4 Trzecia Droga 6,91 % 3
95%
6 Bezpartyjni Samorządowcy-Normalna Polska w Normalnej Europie 0,93 % 0
45%
7 PolExit 0,25 % 0
30%
8 Normalny Kraj 0,17 % 0
20%
10 Ruch Naprawy Polski 0,04 % 0
20%
9 Polska Liberalna Strajk Przedsiębiorców 0,08 % 0
15%
11 Głos Silnej Polski 0,02 % 0
5%
Nie znaleziono quizów pasujących do podanych kryteriów
Rozkład punktacji
Procent ludzi z każdym wynikiem
Percentyl według liczby udzielonych odpowiedzi
Twoja historia wyników
Nie rozwiązałeś tego quizu